| 000 -LEADER |
| fixed length control field |
00569cam a2200181 i 4500 |
| 003 - CONTROL NUMBER IDENTIFIER |
| control field |
OSt |
| 005 - DATE AND TIME OF LATEST TRANSACTION |
| control field |
20200316113636.0 |
| 008 - FIXED-LENGTH DATA ELEMENTS--GENERAL INFORMATION |
| fixed length control field |
170606s2017 nyu b 001 0 eng |
| 020 ## - INTERNATIONAL STANDARD BOOK NUMBER |
| International Standard Book Number |
9781138911086 |
| Qualifying information |
(pb; alk. paper) |
| 040 ## - CATALOGING SOURCE |
| Original cataloging agency |
DLC |
| Language of cataloging |
eng |
| Transcribing agency |
DLC |
| Description conventions |
rda |
| 082 00 - DEWEY DECIMAL CLASSIFICATION NUMBER |
| Classification number |
729 |
| Edition number |
23 |
| Item number |
GRE |
| 245 04 - TITLE STATEMENT |
| Title |
The interior architecture theory reader / |
| Statement of responsibility, etc |
edited by Gregory Marinic. |
| 300 ## - PHYSICAL DESCRIPTION |
| Extent |
xxviii, 448 pages ; |
| Dimensions |
25 cm |
| 504 ## - BIBLIOGRAPHY, ETC. NOTE |
| Bibliography, etc |
Includes bibliographical references and index. |
| 650 #0 - SUBJECT ADDED ENTRY--TOPICAL TERM |
| Topical term or geographic name as entry element |
Interior architecture |
| General subdivision |
Philosophy. |
| 700 1# - ADDED ENTRY--PERSONAL NAME |
| Personal name |
Marinic, Gregory, |
| Relator term |
editor. |
| 942 ## - ADDED ENTRY ELEMENTS (KOHA) |
| Source of classification or shelving scheme |
|